TV Debuts: 1992 Quiz Stats

 Plays Quiz Updated Oct 24, 2014

Also try: TV Debuts: 1993
Challenge
Share
Tweet
Score 0/12 Timer 05:00
0 Plays Today
Hint Answer % Correct
Barney & Friends
95.6%
Batman: The Animated Series
92.4%
The Tonight Show with Jay Leno
90.7%
Adventures of Sonic the Hedgehog
81.3%
Mad About You
70.8%
Melrose Place
40.3%
Absolutely Fabulous
40%
The Larry Sanders Show
36.5%
Highlander: The Series
34.1%
X-Men: The Animated Series
32.3%
California Dreams
11.2%
The Real World
9%

You're not logged in!

Compare scores with friends on all Sporcle quizzes.
OR
Log In

You Might Also Like...

Show Comments

Extras

Top Quizzes Today


Score Distribution

Your Account Isn't Verified!

In order to create a playlist on Sporcle, you need to verify the email address you used during registration. Go to your Sporcle Settings to finish the process.

Report this User

Report this user for behavior that violates our Community Guidelines.

Details: